LIBRARY & INFORMATION CENTRE, KCAET, TAVANUR

ONLINE PUBLIC ACCESS CATALOGUE (OPAC)

Operations Research For Management And Finance With Logical Reasoning (Record no. 14266)

MARC details
000 -LEADER
fixed length control field 00337nam a22001217a 4500
020 ## - INTERNATIONAL STANDARD BOOK NUMBER
ISBN 9788184823973
082 ## - DEWEY DECIMAL CLASSIFICATION NUMBER
Classification number 658.4034
Item number VAR/OP
100 ## - MAIN ENTRY--AUTHOR NAME
Personal name Varade, M.R
-- Joshi, G.B
245 ## - TITLE STATEMENT
Title Operations Research For Management And Finance With Logical Reasoning
260 ## - PUBLICATION, DISTRIBUTION, ETC. (IMPRINT)
Place of publication Pune
Name of publisher Dimond Publications
Year of publication 2011
300 ## - PHYSICAL DESCRIPTION
Number of Pages 502
942 ## - ADDED ENTRY ELEMENTS (KOHA)
Koha item type Books
Holdings
Withdrawn status Lost status Damaged status Collection code Home library Current library Shelving location Date acquired Source of acquisition Cost, normal purchase price Full call number Accession Number Koha item type
        KAUAET KAUAET General Stacks 10/06/2016 Professional Books Cochin 445.00 658.4034 VAR/OP 24227 Books
        KAUAET KAUAET General Stacks 10/06/2016 Professional Books Cochin 445.00 658.4034 VAR/OP 24228 Books
free website counter